000 00275nam a22001097a 4500
040 _cSK
082 _a530
100 _aនៃ ស៊ីណា
245 _aពិសោធន៍រូបវិទ្យាភាគទី១
260 _aPhnom Penh
_bនៃ
_c1999
942 _cKB
999 _c8486
_d8486